[Event "BCF-chT4 0708 (4NCL)"]
[Site "England"]
[Date "2008.05.03"]
[Round "9.6"]
[White "Dodwell, Philip"]
[Black "Rudd, David R"]
[Result "1/2-1/2"]
[WhiteElo "2015"]
[BlackElo "1920"]
[PlyCount "71"]
[EventDate "2007.09.15"]
[EventType "team-swiss"]
[EventRounds "11"]
[EventCountry "ENG"]
[SourceTitle "EXT 2009"]
[Source "ChessBase"]
[SourceDate "2008.11.26"]
[SourceVersion "1"]
[SourceVersionDate "2008.11.26"]
[SourceQuality "1"]
[WhiteTeam "Gloucestershire. Gambits"]
[BlackTeam "Poisoned Pawns II"]
[WhiteTeamCountry "ENG"]
[BlackTeamCountry "ENG"]

1. e4 Nf6 2. Nc3 d5 3. e5 d4 4. Nce2 Ng4 5. f4 c5 6. Ng3 Nc6 7. Bc4 Nh6 8. Nf3 e6 9. 0-0 Be7 10. d3 0-0 11. a4 a6 12. Bd2 Na5 13. Ba2 Bd7 14. Qe1 Nc6 15. a5 b5 16. axb6 Qxb6 17. Rb1 Nb4 18. Bxb4 cxb4 19. h3 Rac8 20. Bc4 Bc6 21. Qe2 Rfd8 22. Kh1 Bd5 23. b3 Bxc4 24. dxc4 Rd7 25. Qd3 Rcd8 26. Ra1 Ra8 27. Ra4 a5 28. Ng5 g6 29. N5e4 Nf5 30. Nxf5 exf5 31. Nd2 f6 32. Nf3 Bc5 33. Re1 fxe5 34. fxe5 Re7 35. Raa1 Rae8 36. Re2 1/2-1/2